Normal view
MARC view
- LEARNING MACHINE TRANSLATION
Entry Topical Term
001 - CONTROL NUMBER
- control field: 68210
003 - CONTROL NUMBER IDENTIFIER
- control field: NUST
005 - DATE AND TIME OF LATEST TRANSACTION
- control field: 20210628204014.0
008 - FIXED-LENGTH DATA ELEMENTS
- fixed length control field: 210628|| aca||aabn | a|a d
040 ## - CATALOGING SOURCE
- Original cataloging agency: NUST
- Transcribing agency: NUST
150 ## - HEADING--TOPICAL TERM
- Topical term or geographic name entry element: LEARNING MACHINE TRANSLATION
670 ## - SOURCE DATA FOUND
- Source citation: Work cat.: (NUST): Goutte, Cyril ,. Cancedda, Nicola , Dymetman, Marc 68209, Learning machine translation, 2009
